000 01133cab a2200337 4500
001 ABS51446
008 090401t1994 xxu||||| |||| 00| 0 eng d
035 _a(Sirsi) u27363
041 _aeng
100 _aHeath, G.S.
245 _aSustainable development: putting policy into practice
260 _c1994
350 _a0
490 _aHighways & Transportation
_v41(90 September 1994, 25-27(3)
520 _aSummarises the Association of County Councils` code of practice on sustainable development covering issues such as planning, traffic management and environmental management.
650 _aASSOCIATION OF COUNTY COUNCILS
650 _aENVIRONMENTAL ASSESSMENT
650 _aENVIRONMENTAL MANAGEMENT
650 _aHIGHWAY DESIGN
650 _aBUILT ENVIRONMENT-BUILDING MAINTENANCE AND REFURBISHMENT
650 _aPLANNING
650 _aPPG12
650 _aPLANNING POLICY GUIDANCE NOTE 13
650 _aPUBLIC TRANSPORT
650 _aSUSTAINABLE DEVELOPMENT
650 _aTRAFFIC MANAGEMENT
690 _aPLANNING LAW AND PRACTICE
700 _aWhite, M.T.
942 _n0
948 _c04/03/1997
999 _c18413
_d18413